| 000 | 00512nam a22001577a 4500 | ||
|---|---|---|---|
| 999 |
_c18719 _d18719 |
||
| 003 | OSt | ||
| 005 | 20240122100957.0 | ||
| 008 | 240122b ||||| |||| 00| 0 eng d | ||
| 040 | _c0 | ||
| 082 | _aDPer 507 J826 September 2019 - June 2020 v.49 n. 1-5 | ||
| 245 | _aJournal of College Science Teaching / | ||
| 260 |
_aArlington USA : _bNational Science Teaching Association, _cSeptember 2019 - June 2020. |
||
| 300 |
_avarious paging : _billustrations ; _c28 cm. |
||
| 650 |
_aScience. _950767 |
||
| 942 |
_2ddc _cPER |
||